Studying poetry (Record no. 237)

MARC details
000 -LEADER
fixed length control field 00607 a2200217 4500
001 - CONTROL NUMBER
control field 066028
003 - CONTROL NUMBER IDENTIFIER
control field OSt
005 - DATE AND TIME OF LATEST TRANSACTION
control field 20251212150530.0
008 - FIXED-LENGTH DATA ELEMENTS--GENERAL INFORMATION
fixed length control field
082 ## - DEWEY DECIMAL CLASSIFICATION NUMBER
Classification number 808.1
Item number M43S
100 1# - MAIN ENTRY--PERSONAL NAME
Personal name Matterson
245 1# - TITLE STATEMENT
Title Studying poetry
Statement of responsibility, etc by Stephen Matterson and Darryl Jone
260 ## - PUBLICATION, DISTRIBUTION, ETC. (IMPRINT)
Place of publication, distribution, etc U.K.
Name of publisher, distributor, etc Hodder Education
Date of publication, distribution, etc 2000
300 ## - PHYSICAL DESCRIPTION
Extent 188p.
546 ## - LANGUAGE NOTE
Language note English
690 ## - LOCAL SUBJECT ADDED ENTRY--TOPICAL TERM (OCLC, RLIN)
Topical term or geographic name as entry element Poetry--Study and teaching; American poetry--Study and teaching; English poetry--Study and teaching; English poetry
700 ## - ADDED ENTRY--PERSONAL NAME
Personal name Stephen
700 ## - ADDED ENTRY--PERSONAL NAME
Personal name Jone
700 ## - ADDED ENTRY--PERSONAL NAME
Personal name Darryl
942 ## - ADDED ENTRY ELEMENTS (KOHA)
Source of classification or shelving scheme Dewey Decimal Classification
Koha item type Books
Holdings
Withdrawn status Lost status Source of classification or shelving scheme Damaged status Not for loan Collection code Home library Current library Department Date acquired Source of acquisition Coded location qualifier Cost, normal purchase price Inventory number(Invoice/Date) Total Checkouts Full call number Barcode Checked out Date last seen Date checked out Price effective from Koha item type
    Dewey Decimal Classification     General Text Book Central University Of Rajasthan Central University Of Rajasthan English Project Books 07/03/2012 ENG Rawat Jaip 1035.00 1001/15-03-2010 2 808.1 M43S 314 21/12/2024 21/11/2024 21/11/2024 02/09/2020 Books